Biggest Moroccan Cities By Population in 20 Minutes ! (101 Cities) - Statistics

General Stats
  • This quiz has been taken 28 times
  • The average score is 33 of 101
Answer Stats
Population Answer % Correct
1 Casablanca
100%
2 Fes
100%
4 Marrakesh
100%
6 Rabat
100%
3 Tangier
100%
10 Agadir
89%
8 Oujda
89%
7 Meknes
84%
11 Tétouan
84%
31 Dakhla
79%
20 Nador
79%
5 Salé
79%
61 Al Hoceima
68%
14 Laâyoune
68%
15 Mohammedia
68%
72 Chefchaouen
63%
9 Kénitra
63%
47 Essaouira
58%
13 Safi
58%
89 Assilah
53%
28 Guelmim
53%
29 Khénifra
53%
27 Larache
53%
52 Ouarzazate
53%
51 Tan-Tan
53%
12 Temara
53%
18 Beni Mellal
47%
30 Berkane
47%
17 El Jadida
47%
16 Khouribga
47%
45 Taroudant
47%
42 Ben Guerir
42%
23 Berrechid
42%
39 Errachidia
42%
24 Khémisset
42%
22 Settat
42%
50 Tiznit
42%
19 Aït Melloul
37%
25 Inezgane
37%
35 Oued Zem
37%
21 Taza
37%
81 Bouznika
32%
48 Fnideq
32%
46 Séfrou
32%
33 Bouskoura
26%
96 Chichaoua
26%
36 Dar Bouazza
26%
40 Guercif
26%
62 M'Diq
26%
60 Smara
26%
54 Youssoufia
26%
34 Dcheira El Jihadia
21%
68 Deroua
21%
37 El Kelaâ des Sraghna
21%
82 Had Soualem
21%
26 Ksar El Kébir
21%
56 Martil
21%
58 Skhirat
21%
67 Aïn El Aouda
16%
57 Aïn Harrouda
16%
92 Arfoud
16%
75 Azemmour
16%
78 Azilal
16%
65 Azrou
16%
64 Midelt
16%
41 Oulad Teïma
16%
63 Sidi Bennour
16%
38 Sidi Slimane
16%
32 Taourirt
16%
73 Tinghir
16%
88 Tit Mellil
16%
76 Zagora
16%
83 Zaïo
16%
100 Aïn Attig
11%
91 Demnate
11%
66 Drargua
11%
90 Laâttaouia
11%
59 Ouezzane
11%
49 Sidi Kacem
11%
70 Bejaâd
5%
87 Ben Ahmed
5%
101 Echemmaia
5%
84 El Hajeb
5%
86 Imzouren
5%
71 Jerada
5%
94 Mehdia
5%
98 Missour
5%
95 Temsia
5%
44 Tiflet
5%
85 Zeghanghane
5%
77 Aït Ourir
0%
69 Al Aâroui
0%
80 Biougra
0%
93 Bouarfa
0%
74 El Aïoun Sidi Mellouk
0%
55 Lahraouyine
0%
43 Ouislane
0%
79 Sidi Yahya El Gharb
0%
53 Souk El Arbaa
0%
97 Tahla
0%
99 Zaouïat Cheikh
0%
No matching quizzes found
Score Distribution
Percent of People with Each Score
Percentile by Number Answered
Your Score History
You have not taken this quiz